Luật tục: Sự hình thành và vai trò của nó trong đời sống của một số cộng đồng cư dân nước ta /
Guardado en:
| Autor principal: | |
|---|---|
| Formato: | Artículo |
| Lenguaje: | Vietnamese |
| Materias: | |
| Etiquetas: |
Agregar Etiqueta
Sin Etiquetas, Sea el primero en etiquetar este registro!
|
| Thư viện lưu trữ: | Thư viện Trường Đại học Đà Lạt |
|---|
| LEADER | 00846nam a2200277 4500 | ||
|---|---|---|---|
| 001 | DLU090090643 | ||
| 005 | ##20090526 | ||
| 040 | # | # | |a DLU |b vie |
| 041 | # | # | |a vie |
| 044 | # | # | |a vn |
| 100 | # | # | |a Lê Sỹ Giáo, |c PGS.TS. |
| 245 | # | # | |a Luật tục: Sự hình thành và vai trò của nó trong đời sống của một số cộng đồng cư dân nước ta / |c Lê Sỹ Giáo. |
| 653 | # | # | |a Đời sống |
| 653 | # | # | |a Cộng đồng |
| 653 | # | # | |a Luật tục |
| 653 | # | # | |a Vai trò |
| 773 | # | # | |t Nhà nước và pháp luật |g Số 7, 2000, tr. 57-63 |
| 920 | # | # | |a Phòng Tạp chí -- Trung tâm Thông tin - Thư viện Trường Đại học Đà Lạt |
| 994 | # | # | |a DLU |
| 900 | # | # | |a True |
| 911 | # | # | |a Nguyễn Thị Mai Anh |
| 925 | # | # | |a G |
| 926 | # | # | |a A |
| 927 | # | # | |a BB |
| 980 | # | # | |a Thư viện Trường Đại học Đà Lạt |